[Event "Blackmar-Diemer Gambit Thematic"]
[Site "SchemingMind.com"]
[Date "2018.02.26"]
[Round "-"]
[White "Glenn O'Brien"]
[Black "Chessibelle"]
[Result "1-0"]
[WhiteCountry "AUS"]
[BlackCountry "ENG"]
[WhiteElo "1902"]
[WhiteRD "79"]
[BlackElo "1078"]
[BlackRD "58"]
[GameID "425233"]

1. d4 d5 2. Nc3 Nf6 3. e4 dxe4 4. f3 Bf5 5. fxe4 Nxe4 6. Qf3 g6 7. Nxe4 e6 8. c3 Bg7 9. Nc5 Qf6 10. Qxb7 O-O
11. Qxa8 Bg4 12. Be2 e5 13. Bxg4 Qh4+ 14. g3 Qxg4 15. Qf3 Qc8 16. Ne2 Re8 17. O-O f6 18. Qa8 Qg4 19. Rf2 Qh5 20. Na6 Re7
21. Qxb8+ Bf8 22. Rxf6 Kg7 23. Qxf8#
1-0

[Event "Blackmar-Diemer Gambit Thematic"]
[Site "SchemingMind.com"]
[Date "2018.02.25"]
[Round "-"]
[White "Chessibelle"]
[Black "Glenn O'Brien"]
[Result "0-1"]
[WhiteCountry "ENG"]
[BlackCountry "AUS"]
[WhiteElo "1078"]
[WhiteRD "58"]
[BlackElo "1902"]
[BlackRD "79"]
[GameID "425234"]

1. d4 d5 2. Nc3 Nf6 3. e4 dxe4 4. f3 exf3 5. Nxf3 Bg4 6. Be2 e6 7. O-O Be7 8. b3 Nc6 9. Bd2 Bxf3 10. Bxf3 Qxd4+
11. Rf2 Bc5 12. Qf1 Qxd2 13. Na4 Bxf2+ 14. Kh1 Qxc2 15. Be2 Bd4 16. Rd1 Ne4 17. Qe1 Nf2+ 18. Kg1 Nxd1+ 19. Kf1 Ne3+ 20. Kf2 Qf5+
21. Bf3 Nc2+ 22. Ke2 Qe5+ 23. Kd2 Qxe1+
0-1

[Event "Blackmar-Diemer Gambit Thematic"]
[Site "SchemingMind.com"]
[Date "2018.02.26"]
[Round "-"]
[White "Glenn O'Brien"]
[Black "mespina"]
[Result "0-1"]
[WhiteCountry "AUS"]
[BlackCountry "ESP"]
[WhiteElo "1902"]
[WhiteRD "79"]
[BlackElo "2142"]
[BlackRD "103"]
[GameID "425235"]

1. d4 d5 2. Nc3 Nf6 3. e4 dxe4 4. f3 Bf5 5. fxe4 Nxe4 6. Qf3 Nd6 7. Bf4 e6 8. O-O-O h5 9. Bxd6 Bxd6 10. Qxb7 Nd7
11. Nb5 O-O 12. Kb1 Rb8 13. Qxa7 Nf6 14. Re1 Ra8 15. Qb7 c6 16. Qxc6 Qa5 17. Nc3 Nd5 18. Nge2 Rfb8 19. Kc1 Qb4 20. Kd2 Rc8
21. Qd7 Bf4+ 22. Nxf4 Qxb2 23. Ncxd5 Qxc2+ 24. Ke3 Ra3+ 25. Nd3 Rxd3+ 26. Bxd3 Qxd3+
0-1

[Event "Blackmar-Diemer Gambit Thematic"]
[Site "SchemingMind.com"]
[Date "2018.02.26"]
[Round "-"]
[White "mespina"]
[Black "Glenn O'Brien"]
[Result "1-0"]
[WhiteCountry "ESP"]
[BlackCountry "AUS"]
[WhiteElo "2116"]
[WhiteRD "88"]
[BlackElo "1874"]
[BlackRD "74"]
[GameID "425236"]

1. d4 d5 2. Nc3 Nf6 3. e4 dxe4 4. f3 exf3 5. Nxf3 Bg4 6. h3 Bh5 7. g4 Bg6 8. Ne5 e6 9. Bg2 c6 10. Bf4 Bb4
11. Nxg6 hxg6 12. Qd3 Nd5 13. Bd2 Qh4+ 14. Kd1 Bxc3 15. bxc3 b5 16. a4 bxa4 17. Rxa4 O-O 18. c4 Qf2 19. Be4 Nf6 20. Be1 Qf4
21. Bg2 Rd8 22. c5 Nd5 23. Bd2 Qf2 24. Qf3 Qxf3+ 25. Bxf3 Nd7 26. Ra6 Rdc8 27. h4 Nb8 28. Ra3 Rd8 29. Re1 Ne7 30. c3 Nd7
31. Ra6 Nf6 32. Kc2 Nfd5 33. Rea1 Rd7 34. c4 Nf6 35. Rxc6 Nxc6 36. Bxc6 Rxd4 37. Bxa8 Rxc4+ 38. Kd3 Rxg4 39. Rxa7 Rxh4 40. c6 Rh3+
41. Kc4 Rh4+ 42. Kb5 Rh5+ 43. Ka6 Rc5 44. c7 Ne8 45. Kb6 Rc2 46. Bf4 Rb2+ 47. Kc6 Rb7 48. Kxb7 Nxc7 49. Kxc7 f6 50. Kd7 g5
51. Kxe6 gxf4 52. Be4 f5 53. Bxf5 g6 54. Bxg6 Kf8 55. Kf6 f3 56. Ra8#
1-0

[Event "Blackmar-Diemer Gambit Thematic"]
[Site "SchemingMind.com"]
[Date "2018.02.27"]
[Round "-"]
[White "Glenn O'Brien"]
[Black "Johnny Owens"]
[Result "0-1"]
[WhiteCountry "AUS"]
[BlackCountry "USA"]
[WhiteElo "1885"]
[WhiteRD "72"]
[BlackElo "2110"]
[BlackRD "69"]
[GameID "425237"]

1. d4 d5 2. Nc3 Nf6 3. e4 dxe4 4. f3 exf3 5. Nxf3 Bg4 6. h3 Bxf3 7. Qxf3 c6 8. Be3 e6 9. Bd3 Nbd7 10. O-O Be7
11. Rf2 O-O 12. Raf1 e5 13. Qg3 e4 14. Be2 Rc8 15. Kh1 Kh8 16. Qf4 Re8 17. Bc4 Nh5 18. Qg4 Ndf6 19. Qh4 Nd5 20. Bg5 Bxg5
21. Qxh5 g6 22. Qe2 f5 23. Bxd5 cxd5 24. g4 f4 25. Qb5 Rxc3 26. bxc3 f3 27. Qxb7 Bh4 28. Rh2 Bg3 29. Qf7 Bxh2 30. c4 Bb8
31. cxd5 Rf8 32. Qe6 Qh4
0-1

[Event "Blackmar-Diemer Gambit Thematic"]
[Site "SchemingMind.com"]
[Date "2018.02.26"]
[Round "-"]
[White "Johnny Owens"]
[Black "Glenn O'Brien"]
[Result "1-0"]
[WhiteCountry "USA"]
[BlackCountry "AUS"]
[WhiteElo "2016"]
[WhiteRD "74"]
[BlackElo "1867"]
[BlackRD "73"]
[GameID "425238"]

1. d4 d5 2. Nc3 Nf6 3. e4 dxe4 4. f3 exf3 5. Nxf3 Bg4 6. h3 Bh5 7. g4 Bg6 8. Bg5 e6 9. Ne5 c6 10. h4 Bb4
11. Bg2 Qa5 12. Bd2 Qb6 13. Qe2 Qa6 14. Qf2 Nbd7 15. O-O-O Nxe5 16. dxe5 Bxc3 17. Bxc3 Ne4 18. Qd4 c5 19. Qd7+ Kf8 20. h5 Qxa2
21. Bxe4 Bxe4 22. Rhf1 Bf5 23. gxf5 Re8 24. h6 Qa1+ 25. Kd2 Qa2 26. hxg7+
1-0

[Event "Blackmar-Diemer Gambit Thematic"]
[Site "SchemingMind.com"]
[Date "2018.02.26"]
[Round "-"]
[White "Glenn O'Brien"]
[Black "davidcook"]
[Result "1/2-1/2"]
[WhiteCountry "AUS"]
[BlackCountry "ENG"]
[WhiteElo "1902"]
[WhiteRD "79"]
[BlackElo "1856"]
[BlackRD "68"]
[GameID "425239"]

1. d4 d5 2. Nc3 Nf6 3. e4 dxe4 4. f3 exf3 5. Nxf3 c6 6. Bc4 Bf5 7. O-O e6 8. Ne5 Bg6 9. Bg5 Be7 10. Qd2 Nbd7
11. Nxg6 hxg6 12. Rae1 Qc7 13. Bf4 Bd6 14. Bxe6 Bxf4 15. Qxf4 Qxf4 16. Bxd7+ Kxd7 17. Rxf4 Rae8 18. Re5 Rh5 19. Rxe8 Kxe8 20. Ne4 Nxe4=
1/2-1/2

[Event "Blackmar-Diemer Gambit Thematic"]
[Site "SchemingMind.com"]
[Date "2018.02.25"]
[Round "-"]
[White "davidcook"]
[Black "Glenn O'Brien"]
[Result "1-0"]
[WhiteCountry "ENG"]
[BlackCountry "AUS"]
[WhiteElo "1861"]
[WhiteRD "65"]
[BlackElo "1874"]
[BlackRD "74"]
[GameID "425240"]

1. d4 d5 2. Nc3 Nf6 3. e4 dxe4 4. f3 exf3 5. Nxf3 Bg4 6. h3 Bh5 7. g4 Bg6 8. Ne5 e6 9. Bg2 c6 10. h4 Bb4
11. O-O Bxc2 12. Qd2 O-O 13. Rf4 Ba4 14. Qf2 Bxc3 15. bxc3 Qe7 16. g5 Nd5 17. Rf3 f6 18. gxf6 Nxf6 19. Rb1 b6 20. Bg5 Nbd7
21. Qg3 Qe8 22. Re1 Nd5 23. Rxf8+ Nxf8 24. Bh3 a6 25. Bh6 Ra7 26. Nc4 Nxc3 27. Bf4 Nxa2 28. Bd6 Qg6 29. Bg4 Bb5 30. Ne5 Qf6
31. Bxf8 Kxf8 32. Ng6+ Qxg6 33. Rxe6 Qb1+ 34. Re1 Qxe1+ 35. Qxe1 Bc4 36. Qe4 Re7 37. Qxc6 b5 38. d5 Nc3 39. d6 Re1+ 40. Kh2 Re8
41. Qf3+ Kg8 42. d7 Rd8 43. Qxc3 Kf7 44. Qf3+ Ke7 45. Qe4+ Kd6 46. Qd4+ Kc6 47. Qxg7 h5 48. Qg6+ Kc7 49. Qxh5 Rxd7 50. Bxd7 Kxd7
51. Qh7+ Kc8 52. h5
1-0

[Event "Blackmar-Diemer Gambit Thematic"]
[Site "SchemingMind.com"]
[Date "2018.02.27"]
[Round "-"]
[White "Glenn O'Brien"]
[Black "Krolewna"]
[Result "0-1"]
[WhiteCountry "AUS"]
[BlackCountry "POL"]
[WhiteElo "1874"]
[WhiteRD "74"]
[BlackElo "2035"]
[BlackRD "65"]
[GameID "425241"]

1. d4 d5 2. Nc3 Nf6 3. e4 dxe4 4. f3 c6 5. fxe4 e5 6. Nf3 Bg4 7. Be3 Bb4 8. Qd3 exd4 9. Bxd4 O-O 10. O-O-O Re8
11. e5 Nd5 12. Nxd5 Qxd5 13. c3 Bf8 14. c4 Qa5 15. Qb3 Nd7 16. Qxb7 Qxa2 17. Qxc6 Bf5 18. Kd2 Qb3 19. Bc3 Nxe5 20. Nxe5 Rxe5
21. Bxe5 Rd8+ 22. Ke2 Qxd1+ 23. Ke3 Bg4 24. Kf2 Qd2+ 25. Kg3 Bf5 26. Kf3 h5 27. h3 g5 28. Qf6 Rd3+ 29. Bxd3 Qxd3+ 30. Kf2 Bc5+
0-1

[Event "Blackmar-Diemer Gambit Thematic"]
[Site "SchemingMind.com"]
[Date "2018.02.26"]
[Round "-"]
[White "Krolewna"]
[Black "Glenn O'Brien"]
[Result "1-0"]
[WhiteCountry "POL"]
[BlackCountry "AUS"]
[WhiteElo "2035"]
[WhiteRD "65"]
[BlackElo "1874"]
[BlackRD "74"]
[GameID "425242"]

1. d4 d5 2. Nc3 Nf6 3. e4 dxe4 4. f3 exf3 5. Nxf3 Bg4 6. h3 Bh5 7. Qe2 Bxf3 8. Qxf3 c6 9. Be3 Nbd7 10. Bd3 Qb6
11. O-O-O e6 12. g4 Bb4 13. Ne4 Nxe4 14. Bxe4 Nf6 15. c4 Qa6 16. Bd3 Qxa2 17. Bh6 O-O 18. g5 gxh6 19. gxf6 Rfd8 20. Rhg1+ Kf8
21. Qg2 Ke8 22. Qg8+ Bf8 23. Rg7 Qa1+ 24. Bb1 Rd7 25. Qxf8+ Kxf8 26. Rdg1 Qxb1+ 27. Kxb1 Rxd4 28. Rg8#
1-0